| 000 | 00368nam a22001577a 4500 | ||
|---|---|---|---|
| 999 |
_c522659 _d522659 |
||
| 003 | NUST | ||
| 038 | _awaseem | ||
| 082 |
_a909 _bTOY |
||
| 100 |
_aToynbee, Arnold _912765 |
||
| 245 |
_aA study of History / _cArnold J. Toynbee |
||
| 250 | _aVolume I | ||
| 260 |
_aU.S.A : _bDell Publishing, _c1981. |
||
| 300 | _a701 p. ; | ||
| 500 | _aPaperback. | ||
| 942 |
_2ddc _cBK |
||